Słynny piłkarz - quiz obrazkowy #3 - Statystyki

Ogólne statystyki
  • Ten quiz został rozwiązany 2 428 razy
  • Średni wynik to 12 z 15
Statystyki odpowiedzi
Obrazkowy Odpowiedź % Poprawnych
Christiano Ronaldo
99%
Lionel Messi
99%
Luka Modrić
99%
Harry Kane
95%
Paul Pogba
95%
Sergio Ramos
95%
Krzysztof Piątek
93%
Kevin de Bruyne
91%
Romelu Lukaku
87%
Sadio Mane
86%
Ivan Perišić
79%
David Silva
74%
Keisuke Honda
58%
Matthijs de Ligt
53%
Victor Moses
38%
Nie znaleziono quizów pasujących do podanych kryteriów
Rozkład punktacji
Procent ludzi z każdym wynikiem
Percentyl według liczby udzielonych odpowiedzi
Twoja historia wyników
Nie rozwiązałeś tego quizu